Géographie par image - K - Statistiques

Statistiques générales
  • Ce quiz a été pris 8 841 fois
  • Le résultat moyen est 9 sur 18
Statistiques - réponses
Par images Hint Réponse % Correct
vit en Australie... Koala
97%
pays Kenya
93%
montagne Kilimandjaro
82%
état des USA Kansas
76%
île Komodo
67%
ville Kuala Lumpur
65%
pays Kazakhstan
63%
ville au Japon Kobe
52%
également connu sous le nom de "montagne sauvage" K2
49%
capitale africaine Kinshasa
49%
forteresse Kremlin
31%
ville Katmandou
29%
langue Khmer
29%
résidence royale à Londres Palais de {Kensington}
29%
île Kyūshū
25%
état le plus prospère de l'Inde Kerala
13%
quartier de Hong Kong qui n'existe plus Citadelle de {Kowloon}
9%
péninsule Kola
9%
Aucun quiz correspondant
Distribution des résultats
% des personnes avec chaque résultat
Percentile par nombre de réponses
Votre historique - résultats
Vous n’avez pas pris ce quiz